S-Bahn Stationen der S1 Münchens (MVG) - Statistiken

Allgemein
  • Dieses Quiz wurde 45 mal gespielt
  • Das Durchschnittsergebnis liegt bei 19 aus 23
Antwortstatistiken
S1 % Korrekt
Hauptbahnhof
97%
Laim
95%
Donnersbergerbrücke
92%
Flughafen Besucherpark
92%
Flughafen München/Airport Munich
92%
Hackerbrücke
90%
Marienplatz
90%
Ostbahnhof
90%
Freising
87%
Karlsplatz (Stachus)
87%
Hirschgarten
82%
Isartor
82%
Oberschleißheim
82%
Rosenheimer Platz
82%
Feldmoching
79%
Leuchtenbergring
79%
Moosach
79%
Unterschleißheim
79%
Neufahrn
77%
Eching
72%
Fasanerie
64%
Lohhof
59%
Pulling
54%
Keine übereinstimmenden Quizze gefunden
Verteilung der Resultate
Anzahl Personen mit jedem Resultat
Perzentil nach korrekt beantworteten Fragen
Ihre Resultats-Entwicklung
Sie haben dieses Quiz noch nicht gespielt